000 00768nam a2200241Ia 4500
003 GCL
008 140319s9999 xx 000 0 ara d
040 _aGCL /
_cGCL
082 0 4 _a257.2
_bق س
100 1 _aقطب ابراهيم محمد
245 1 0 _aالسياسة المالية لابى بكر الصديق /
_cقطب ابراهيم محمد
260 _a[S.N] :
_bالهيئة المصرية العامة للكتاب ،
_c1990
300 _a297 ص
490 _a
650 0 4 _aالاسلام
650 0 4 _aالاقتصاد الاسلامى
650 0 4 _aالزكاة
650 0 4 _aالخرائط الجيولوجية
650 0 4 _aالجزية
650 0 4 _aالنظام المالى
650 0 4 _aابو بكر الصديق
942 _2ddc
_cBK
999 _c29125
_d29125